Statystyki dla Organizatorzy mistrzostw Europy w piłce nożnej

Kliknij tutaj aby rozwiązać quiz!

Ogólne statystyki

  • Ten quiz został rozwiązany 119 razy
  • Średni wynik to 10 z 19

Statystyki odpowiedzi

HintOdpowiedź% Poprawnych
2012Polska
90%
2012Ukraina
90%
2016Francja
89%
2008Szwajcaria
71%
2008Austria
70%
2004Portugalia
63%
2024Niemcy
61%
1960Francja
55%
2000Belgia
54%
2000Holandia
53%
1964Hiszpania
49%
1968Włochy
43%
1996Anglia
41%
1992Szwecja
33%
1984Francja
30%
1980Włochy
29%
1976Jugosławia
24%
1988RFN
24%
1972Belgia
22%

Rozkład punktacji

Percentyl według liczby udzielonych odpowiedzi

Procent ludzi z każdym wynikiem

Twoja historia wyników

Nie rozwiązałeś tego quizu